| 000 | 04392nam a22003137i 4500 | ||
|---|---|---|---|
| 001 | TCPA 97 | ||
| 003 | gtcocun | ||
| 005 | 20250816221755.0 | ||
| 006 | a||||gr|||| 00| 0 | ||
| 008 | 250816b2021 gt ||||| m||| 00| 0 eng d | ||
| 040 |
_agtcocun _bSPA _cgtcocun _eRDA |
||
| 041 | _aSPA | ||
| 084 | _0TCPA 97 | ||
| 100 |
_aTorres Cucul, Noimy Sarahi _eAutor |
||
| 245 |
_aInforme final del Ejercicio Profesional Supervisado, realizado en Asociación de Desarrollo Integral, Ox Eek´Santa María Cahabón, Alta Verapaz/ _cNoimy Sarahi Torres Cucul _hImpreso |
||
| 264 |
_aCobán, Alta Verapaz: _bUniversidad de San Carlos de Guatemala, Centro Universitario del Norte, Licenciatura en Contaduría Pública y Auditoría. _c2021 |
||
| 300 |
_a67 p: _bIlustraciones, gráficas. _c28 cm; PDF |
||
| 336 |
_2rdacontenido _aTexto _btxt |
||
| 337 |
_2rdamedio _aComputadora _bn |
||
| 338 |
_2rdasoporte _aCódigo en línea _bcr |
||
| 502 | _e. | ||
| 502 |
_aTesis de grado _b Licenciatura en Contaduría Pública y Auditoría. _cUniversidad de San Carlos de Guatemala, Centro Universitario del Norte, Licenciatura en Contaduría Pública y Auditoría. _d2021 _oTCPA 97 |
||
| 520 | 1 | 4 | _aEl presente informe fue desarrollado durante el ejercicio profesional supervisado que corresponde a la carrera de Contaduría Pública y Auditoría, del Centro Universitario del Norte, de la Universidad de San Carlos de Guatemala. Realizado en la Asociación de Desarrollo Integral Ox Eek’ Santa María Cahabón, inició con la etapa de diagnóstico, se obtuvo información respecto de las actividades que realizan, determinando la existencia de un control contable deficiente que afecta de manera importante la administración correcta de la asociación. Las actividades que se llevaron a cabo, fueron enfocadas en los ingresos que obtienen de ventas, de cacao, aportaciones y donaciones, lo que dio lugar a realizar una revisión de los libros contables, verificando que no presentan información contable y financiera razonable. Para esto se realizó una auditoría financiera de los períodos 2016 al 2018, fueron aplicadas técnicas y procedimientos de auditoría necesarios y adecuados a las Normas Internacionales de Auditoría con el fin de obtener las evidencias necesarias y poder dar una opinión sobre su situación financiera. Se pudo identificar que la asociación recibió una donación en el período 2017 que fue destinada para el desarrollo de un proyecto con el cual, se fortaleció en infraestructura. Dentro de los hallazgos encontrados a los miembros para la elaboración de chocolate, todos los gastos realizados no fueron registrados en la contabilidad. Para esto se propuso realizar una reestructuración contable de los períodos 2017 y 2018, a fin de regularizar las cuentas contables de los ingresos obtenidos de donaciones, ventas y financiamiento y de esta forma la contabilidad logre apegarse a lo que establecen las Normas de Auditoría y los Principios de Contabilidad Generalmente Aceptados, se aplicó el proceso contable de forma correcta. A través de esta se logró establecer saldos reales de la situación financiera de la asociación. En la etapa de diagnóstico, se concluyó que gran parte de la desactualización de los libros contables y la falta de registros, se debe a la falta de conocimientos por parte de los miembros de la junta directiva, tomando en cuenta que algunos de los asociados no saben leer ni escribir, se propuso diseñar e implementar un manual de políticas y procedimientos contables, que proporcionara los lineamientos específicos a seguir para dar un adecuado proceso contable y realizar los registros de forma oportuna; se realizó un apropiado análisis respecto a las políticas que se incluyeran de acuerdo al contexto de la organización. Fundamentado en las Normas Internacionales de Información Financiera para Pequeñas y Medianas Empresas y las Normas de Contabilidad. Logrando establecer una herramienta ajustada a las necesidades de la asociación. |
| 650 |
_2LEMB _xAuditoría _xreestructuración _xprocedimientos _xcontabilidad _xdiagnóstico _xpolíticas |
||
| 700 |
_aLic. Teófilo Remigio Caal Barrientos _eAsesor |
||
| 856 |
_uhttps://drive.google.com/file/d/1lX0BCHKYYmrLstyoNYEYf1UvxO9CdDXV/view?usp=sharing _yPDF _zUn ejemplar en línea. |
||
| 942 |
_2ddc _cTES _iTCPA_97 _kClasificación _n0 _6TCPA__97 |
||
| 999 |
_c1142 _d1142 |
||